Voľba zodpovedajúcich metód a štýlov riadenia

Zdôraznenie a význam nemonetárnych aspektov a ľudského faktora v riadení. Hľadanie nových spôsobov a štýlov riadenia. Hľadiská chápania hodnôt. Rozdelenie hodnôt podľa Ch. Morrisa na cieľové a uznávacie. Význam poznania hodnotovej orientácie a podľa toho voliť zodpovedajúci spôsob riadenia. Prehľad...

Full description

Saved in:
Bibliographic Details
Main Author: Rakovská, Júlia, 1972-
Format: Book Chapter
Language:Slovak
Subjects:
Tags: Add Tag
No Tags, Be the first to tag this record!

MARC

LEADER 00000naa$a2200000$$$4500
001 0018768
005 20240502071407.0
041 0 |a slo 
044 |a SK 
245 1 0 |a Voľba zodpovedajúcich metód a štýlov riadenia  |c Júlia Rakovská 
520 |a Zdôraznenie a význam nemonetárnych aspektov a ľudského faktora v riadení. Hľadanie nových spôsobov a štýlov riadenia. Hľadiská chápania hodnôt. Rozdelenie hodnôt podľa Ch. Morrisa na cieľové a uznávacie. Význam poznania hodnotovej orientácie a podľa toho voliť zodpovedajúci spôsob riadenia. Prehľad vybraných metód a štýlov riadenia. 
610 2 0 |a riadenie 
610 2 0 |a metódy riadenia 
610 2 0 |a štýl vedenia 
610 2 0 |a hodnota 
610 2 0 |a činiteľ ľudský 
100 1 |a Rakovská, Júlia, 1972-